Ireland : Financial Sector Assessment Program-Technical Note on Oversight of Market-Based Finance; Investment Funds and Special Purpose Entities.

This technical note considers the regulation and supervision of the market-based finance (MBF) sector in Ireland. The Irish MBF sector is dominated by investment funds (IFs), including money market funds (MMFs), while special purpose entities (SPEs) continue to represent a sizeable proportion of ass...

Fuld beskrivelse

Bibliografiske detaljer
Institution som forfatter: International Monetary Fund. Monetary and Capital Markets Department
Format: Tidsskrift
Sprog:English
Udgivet: Washington, D.C. : International Monetary Fund, 2022.
Serier:IMF Staff Country Reports; Country Report ; No. 2022/242
Fag:
Online adgang:Full text available on IMF
LEADER 02203cas a2200289 a 4500
001 AALejournalIMF023008
008 230101c9999 xx r poo 0 0eng d
020 |c 20.00 USD 
020 |z 9798400216541 
022 |a 1934-7685 
040 |a BD-DhAAL  |c BD-DhAAL 
110 2 |a International Monetary Fund.  |b Monetary and Capital Markets Department. 
245 1 0 |a Ireland :   |b Financial Sector Assessment Program-Technical Note on Oversight of Market-Based Finance; Investment Funds and Special Purpose Entities. 
264 1 |a Washington, D.C. :  |b International Monetary Fund,  |c 2022. 
300 |a 1 online resource (43 pages) 
490 1 |a IMF Staff Country Reports 
500 |a <strong>Off-Campus Access:</strong> No User ID or Password Required 
500 |a <strong>On-Campus Access:</strong> No User ID or Password Required 
506 |a Electronic access restricted to authorized BRAC University faculty, staff and students 
520 3 |a This technical note considers the regulation and supervision of the market-based finance (MBF) sector in Ireland. The Irish MBF sector is dominated by investment funds (IFs), including money market funds (MMFs), while special purpose entities (SPEs) continue to represent a sizeable proportion of assets. Reflecting Ireland's position more broadly as an open and internationally oriented economy, the MBF sector generally holds non-Irish assets on behalf of non-Irish investors, although domestic interlinkages exist primarily through property funds. This combination makes the sector important from a financial stability perspective both within Ireland and globally, and underlines the importance of robust regulatory oversight and a strategic approach to managing the interaction of domestic and international financial stability objectives. 
538 |a Mode of access: Internet 
650 7 |a International Agreements and Observance  |2 imf 
650 7 |a International Organizations  |2 imf 
650 7 |a Monetary Policy  |2 imf 
651 7 |a Ireland  |2 imf 
830 0 |a IMF Staff Country Reports; Country Report ;  |v No. 2022/242 
856 4 0 |z Full text available on IMF  |u https://elibrary.imf.org/openurl?genre=journal&issn=1934-7685&volume=2022&issue=242  |z IMF e-Library